000 00772nam a2200217Ia 4500
003 OSt
005 20260216165227.0
008 210210b2008 xxu||||| |||| 00| 0 eng d
020 _a9788190661706
040 _cAL
041 _aHindi
082 _aH891.9 SAKH
100 _aSAKHARE (Sunitha)
_dसुनीता साखरे
_9255205
245 _aHindi aur marati ka dalit sahitya: ek mulyankan
_bहिन्दी और मराठी का दलित साहित्य : एक मूल्यांकन
260 _aKanpur
_bAman Prakashan
_c2008
300 _a168
650 _aअत्मकथाओ के विशेष संदर्ब में
_9255206
690 _aHindi Criticism
_9255207
906 _a063529
942 _2ddc
_cBK
999 _c136833
_d136833